000 00534nam a2200217Ia 4500
003 OSt
005 20220928150254.0
006 a|||||r|||| 00| 0
007 ta
008 220927b |||||||| |||| 00| 0 eng d
024 _a89315
037 _cTextual
040 _aSDCL
_cSDCL
_beng
041 _2eng
_aeng
082 _aQ.2, L7
100 _aHopkins Edward washburn
_9515879
245 0 _aReligions of India.
260 _c1977
942 _hQ.2, L7
_cTEXL
_2CC
999 _c840991
_d840991